[Event "London Classic op 7th"]
[Site "London"]
[Date "2015.12.04"]
[Round "1"]
[White "Reutimann, Hans Peter"]
[Black "Coleman, David"]
[Result "0-1"]
[WhiteElo "1745"]
[BlackElo "2176"]
[PlyCount "46"]
[EventDate "2015.12.04"]
[EventType "swiss"]
[EventRounds "9"]
[EventCountry "ENG"]
[SourceTitle "CBM 169 Extra"]
[Source "ChessBase"]
[SourceDate "2015.12.18"]
[SourceVersion "1"]
[SourceVersionDate "2015.12.18"]
[SourceQuality "1"]

1. d4 Nf6 2. Nf3 g6 3. Bf4 Bg7 4. e3 d6 5. Nbd2 0-0 6. c3 Nc6 7. Qc2 Qe8 8. Be2 e5 9. dxe5 Nxe5 10. Bxe5 dxe5 11. 0-0 Qe7 12. Rad1 Bf5 13. Qc1 c5 14. Bc4 e4 15. Ne1 Rad8 16. Nb3 Rxd1 17. Qxd1 Rd8 18. Qc1 Ng4 19. h3 Ne5 20. Be2 h5 21. Nc2 Bh6 22. Rd1 Nd3 23. Qb1 Qg5 0-1

[Event "Guernsey Holiday op 41st"]
[Site "Guernsey"]
[Date "2015.10.18"]
[Round "1"]
[White "Reutimann, Hans Peter"]
[Black "Akeya Price, Robert A"]
[Result "1/2-1/2"]
[WhiteElo "1780"]
[BlackElo "1517"]
[PlyCount "133"]
[EventDate "2015.10.18"]
[EventType "swiss"]
[EventRounds "7"]
[EventCountry "GCI"]
[SourceTitle "EXT 2022"]
[Source "ChessBase"]
[SourceDate "2021.10.06"]
[SourceVersion "1"]
[SourceVersionDate "2021.10.06"]
[SourceQuality "1"]

1. d4 Nf6 2. Nf3 e6 3. Bf4 c5 4. e3 b6 5. Nbd2 Bb7 6. c3 d6 7. Bc4 Nbd7 8. 0-0 Be7 9. Qe2 0-0 10. e4 Re8 11. e5 dxe5 12. dxe5 Nd5 13. Bg3 Nf8 14. Rfe1 Ng6 15. Rad1 Qc7 16. Ne4 Bc6 17. Qc2 Rf8 18. Qc1 Rfe8 19. Bf1 Bb7 20. c4 Nb4 21. a3 Bxe4 22. Rxe4 Nc6 23. Qc3 Qb7 24. Ree1 Rad8 25. Bd3 Nf8 26. Be4 g6 27. Qc1 Kg7 28. Qf4 h6 29. h4 Qc7 30. Qe3 Nd7 31. Bc2 Na5 32. b3 Nc6 33. h5 g5 34. Nh2 Nd4 35. Bb1 Rh8 36. Ng4 Nf5 37. Bxf5 exf5 38. e6 f4 39. Rxd7 Rxd7 40. exd7 Qxd7 41. Qxe7 Qxg4 42. Qe5+ Kh7 43. Bh2 Qxh5 44. Bxf4 Qg6 45. Bg3 Rg8 46. Qe4 f5 47. Qe6 f4 48. Qxg6+ Kxg6 49. Bh2 Kf6 50. g3 fxg3 51. fxg3 Rd8 52. g4 Rd3 53. Be5+ Kf7 54. Kf2 Rxb3 55. Re3 Rb1 56. Bb8 a6 57. Be5 Rc1 58. Rc3 Rb1 59. Kf3 Re1 60. Bc7 Rb1 61. Ke4 Ke6 62. Rh3 Kd7 63. Be5 Re1+ 64. Kf5 Rf1+ 65. Kg6 Rg1 66. Kh5 Kc6 67. Rd3 1/2-1/2

[Event "Schleswig Holstein-ch Seniors op 9th"]
[Site "Buesum"]
[Date "2015.10.04"]
[Round "6"]
[White "Reutimann, Hans Peter"]
[Black "Gehrmann, Dorit"]
[Result "1-0"]
[WhiteElo "1780"]
[BlackElo "1915"]
[PlyCount "63"]
[EventDate "2015.09.28"]
[EventType "swiss"]
[EventRounds "9"]
[EventCountry "GER"]
[SourceTitle "EXT 2018"]
[Source "ChessBase"]
[SourceDate "2017.10.13"]
[SourceVersion "1"]
[SourceVersionDate "2017.10.13"]
[SourceQuality "1"]

1. d4 d5 2. Nf3 Nf6 3. Bf4 e6 4. e3 Bd6 5. Ne5 0-0 6. Nd2 c5 7. c3 Nc6 8. Bd3 Qc7 9. Ndf3 cxd4 10. exd4 h6 11. Qe2 a6 12. 0-0 b5 13. Bg3 Nh5 14. Nxc6 Nxg3 15. hxg3 Qxc6 16. Rac1 Qc7 17. b3 Bb7 18. Nh2 Qe7 19. Ng4 Rac8 20. f4 f5 21. Ne5 Bxe5 22. Qxe5 Rc7 23. c4 bxc4 24. bxc4 dxc4 25. Bxc4 Rc6 26. d5 Rb6 27. Bb3 Bc8 28. dxe6 Kh8 29. Rc7 Qf6 30. Qxf6 gxf6 31. e7 Re8 32. Bf7 1-0

[Event "Guernsey op 40th"]
[Site "Vale"]
[Date "2014.10.25"]
[Round "7"]
[White "Morcom, Huw"]
[Black "Reutimann, Hans Peter"]
[Result "1-0"]
[WhiteElo "1956"]
[BlackElo "1817"]
[PlyCount "67"]
[EventDate "2014.10.19"]
[EventType "swiss"]
[EventRounds "7"]
[EventCountry "GCI"]
[SourceTitle "EXT 2016"]
[Source "ChessBase"]
[SourceDate "2015.10.08"]
[SourceVersion "1"]
[SourceVersionDate "2015.10.08"]
[SourceQuality "1"]

1. e4 e6 2. d4 d5 3. e5 c5 4. c3 Nc6 5. a3 Bd7 6. Nf3 Nge7 7. Be2 Qb6 8. 0-0 Nf5 9. g4 Nfe7 10. dxc5 Qc7 11. b4 Nxe5 12. Nxe5 Qxe5 13. f4 Qc7 14. c4 dxc4 15. Bxc4 Ng6 16. Be3 Be7 17. Nd2 0-0 18. Qb3 Rad8 19. Rae1 Bc6 20. f5 exf5 21. gxf5 Ne5 22. Bf4 Bf6 23. Ne4 Rd4 24. Nxf6+ gxf6 25. Bxe5 fxe5 26. Be2 Kh8 27. Bf3 Rg8+ 28. Kh1 Bxf3+ 29. Qxf3 f6 30. Rg1 Rxg1+ 31. Rxg1 Rf4 32. Qd5 Qc8 33. b5 Rxf5 34. Qf7 1-0

[Event "Guernsey op 40th"]
[Site "Vale"]
[Date "2014.10.23"]
[Round "5"]
[White "Broek, Thomas"]
[Black "Reutimann, Hans Peter"]
[Result "1-0"]
[WhiteElo "2201"]
[BlackElo "1817"]
[PlyCount "47"]
[EventDate "2014.10.19"]
[EventType "swiss"]
[EventRounds "7"]
[EventCountry "GCI"]
[SourceTitle "EXT 2016"]
[Source "ChessBase"]
[SourceDate "2015.10.08"]
[SourceVersion "1"]
[SourceVersionDate "2015.10.08"]
[SourceQuality "1"]

1. e4 e6 2. d4 d5 3. Nc3 dxe4 4. Nxe4 Nf6 5. Nxf6+ gxf6 6. Nf3 Nc6 7. c3 Bg7 8. Bb5 Bd7 9. 0-0 a6 10. Bc4 Ne7 11. Re1 0-0 12. Bf4 Ng6 13. Be3 c6 14. Qd2 Qc7 15. h4 Rad8 16. h5 Ne7 17. Bf4 Qa5 18. Bd6 Rfe8 19. h6 Bh8 20. b4 Qh5 21. Re4 f5 22. Rh4 Qg6 23. Rh3 Kf8 24. Rg3 1-0

[Event "Guernsey op 40th"]
[Site "Vale"]
[Date "2014.10.21"]
[Round "3"]
[White "Maloberti, David"]
[Black "Reutimann, Hans Peter"]
[Result "1-0"]
[WhiteElo "2063"]
[BlackElo "1817"]
[PlyCount "47"]
[EventDate "2014.10.19"]
[EventType "swiss"]
[EventRounds "7"]
[EventCountry "GCI"]
[SourceTitle "EXT 2016"]
[Source "ChessBase"]
[SourceDate "2015.10.08"]
[SourceVersion "1"]
[SourceVersionDate "2015.10.08"]
[SourceQuality "1"]

1. d4 d5 2. c4 e6 3. Nf3 Nf6 4. e3 Bd6 5. c5 Be7 6. Nc3 0-0 7. Bd3 Nc6 8. 0-0 b6 9. Bb5 Bb7 10. Qa4 Nb8 11. c6 Bc8 12. Ne5 Bd6 13. f4 Ne4 14. Nxe4 dxe4 15. Bd2 Qe7 16. Rac1 Rd8 17. Nc4 a5 18. a3 Ba6 19. f5 exf5 20. Rxf5 Bc8 21. Rf2 Be6 22. b4 Bxc4 23. Bxc4 Rf8 24. Rcf1 1-0

[Event "Guernsey op 40th"]
[Site "Vale"]
[Date "2014.10.19"]
[Round "1"]
[White "De Boer, Albert"]
[Black "Reutimann, Hans Peter"]
[Result "1/2-1/2"]
[WhiteElo "2017"]
[BlackElo "1817"]
[PlyCount "59"]
[EventDate "2014.10.19"]
[EventType "swiss"]
[EventRounds "7"]
[EventCountry "GCI"]
[SourceTitle "EXT 2016"]
[Source "ChessBase"]
[SourceDate "2015.10.08"]
[SourceVersion "1"]
[SourceVersionDate "2015.10.08"]
[SourceQuality "1"]

1. b3 d5 2. Bb2 Bf5 3. e3 e6 4. g4 Bg6 5. h4 h6 6. d3 Nf6 7. Bh3 Nc6 8. Nd2 Qd6 9. a3 0-0-0 10. f4 Kb8 11. Ngf3 Qc5 12. Nf1 Bd6 13. Qd2 Rhe8 14. Ng3 e5 15. fxe5 Bxe5 16. Nxe5 Nxe5 17. Bxe5 d4 18. Bxf6 Rxe3+ 19. Ne2 Rde8 20. Bf1 gxf6 21. 0-0-0 Rxd3 22. Qxd3 Bxd3 23. Rxd3 Qxa3+ 24. Kd2 c5 25. Bg2 Qa5+ 26. Kd1 b5 27. Rf1 Qa1+ 28. Kd2 Qa5+ 29. Kd1 Qa1+ 30. Kd2 1/2-1/2

[Event "EU-ch Seniors 65 14th"]
[Site "Porto"]
[Date "2014.03.16"]
[Round "8"]
[White "Reutimann, Hans Peter"]
[Black "Tveten, Per"]
[Result "1-0"]
[WhiteElo "1807"]
[BlackElo "1584"]
[PlyCount "93"]
[EventDate "2014.03.09"]
[EventType "swiss"]
[EventRounds "9"]
[EventCountry "POR"]
[SourceTitle "CBM 159 Extra"]
[Source "ChessBase"]
[SourceDate "2014.04.24"]
[SourceVersion "1"]
[SourceVersionDate "2014.04.24"]
[SourceQuality "1"]

1. d4 d5 2. Nf3 Nf6 3. Bf4 Bf5 4. Nbd2 e6 5. e3 Nc6 6. c3 h6 7. Qb3 Rb8 8. Be2 Bd6 9. Ne5 Bxe5 10. dxe5 Ne4 11. Nxe4 Bxe4 12. 0-0 0-0 13. Rad1 a6 14. f3 Bh7 15. Qa4 Ne7 16. Bg3 c6 17. Bf2 Qc7 18. f4 f6 19. exf6 Rxf6 20. Qb3 Be4 21. c4 Rg6 22. g3 Nf5 23. Bh5 Nh4 24. Be1 dxc4 25. Qxc4 Bd5 26. Qc2 Nf5 27. Bxg6 Nxe3 28. Qd3 Nxd1 29. Qxd1 Qb6+ 30. Rf2 Bxa2 31. Bc3 Rd8 32. Qc1 Bb3 33. Bc2 Bd5 34. Qe1 Qa7 35. Qe5 b5 36. Be4 a5 37. Bxd5 exd5 38. Qe6+ Kh8 39. Qxc6 b4 40. Be5 d4 41. Qxh6+ Kg8 42. Qe6+ Kh7 43. Qf5+ Kg8 44. Qd3 Qc5 45. Rc2 Qb6 46. Rc7 g6 47. Qc4+ 1-0

[Event "EU-ch Seniors 65 14th"]
[Site "Porto"]
[Date "2014.03.15"]
[Round "7"]
[White "Perez Cameselle, Francisco Jose"]
[Black "Reutimann, Hans Peter"]
[Result "1-0"]
[WhiteElo "1909"]
[BlackElo "1807"]
[PlyCount "91"]
[EventDate "2014.03.09"]
[EventType "swiss"]
[EventRounds "9"]
[EventCountry "POR"]
[SourceTitle "CBM 159 Extra"]
[Source "ChessBase"]
[SourceDate "2014.04.24"]
[SourceVersion "1"]
[SourceVersionDate "2014.04.24"]
[SourceQuality "1"]

1. e4 e5 2. Nf3 Nc6 3. Bb5 d6 4. d4 Bd7 5. 0-0 Be7 6. Nc3 Nf6 7. Re1 0-0 8. h3 Kh8 9. Be3 Qc8 10. Bxc6 Bxc6 11. dxe5 Nxe4 12. Nxe4 Bxe4 13. exd6 Bxf3 14. Qxf3 Bxd6 15. Rad1 f6 16. b3 Be5 17. Rd3 c6 18. Red1 b6 19. Rd7 c5 20. Qg4 Rg8 21. c4 Qe8 22. Rb7 h5 23. Qf5 g6 24. Qd7 Qxd7 25. Rdxd7 Rgd8 26. Kf1 Rxd7 27. Rxd7 g5 28. Ke2 h4 29. Kf3 a5 30. a4 Rc8 31. Ke4 Rc7 32. Rd8+ Kg7 33. Kf5 Re7 34. Rc8 Bd6 35. Rc6 Bc7 36. Re6 Rf7 37. Bc1 Bd8 38. Bb2 Rd7 39. Bxf6+ Bxf6 40. Rxf6 Rd3 41. Rxb6 Rd2 42. Kxg5 Rxf2 43. Rb7+ Kf8 44. Kxh4 Rxg2 45. Kh5 Rg3 46. h4 1-0

[Event "London Classic op 5th"]
[Site "London"]
[Date "2013.12.14"]
[Round "8"]
[White "White, David J"]
[Black "Reutimann, Hans Peter"]
[Result "0-1"]
[WhiteElo "1915"]
[BlackElo "1814"]
[PlyCount "84"]
[EventDate "2013.12.07"]
[EventType "swiss"]
[EventRounds "9"]
[EventCountry "ENG"]
[SourceTitle "CBM 157 Extra"]
[Source "ChessBase"]
[SourceDate "2013.12.19"]
[SourceVersion "1"]
[SourceVersionDate "2013.12.19"]
[SourceQuality "1"]

1. e4 d6 2. d4 Nf6 3. Nc3 g6 4. f4 Bg7 5. Nf3 c6 6. Bd3 Qb6 7. 0-0 0-0 8. Na4 Qc7 9. c4 Nbd7 10. e5 Ne8 11. Ng5 Nb6 12. Nc3 Bh6 13. e6 f5 14. Nf7 Bg7 15. d5 Bxc3 16. bxc3 cxd5 17. cxd5 Nxd5 18. Qe1 Qxc3 19. Qe2 Qc5+ 20. Kh1 Ndf6 21. Bb2 Rxf7 22. exf7+ Kxf7 23. Rac1 Qb6 24. Rfe1 Qd8 25. Bc4+ d5 26. Rcd1 e6 27. Bb5 Ne4 28. g4 Qh4 29. Rg1 Nf2+ 30. Kg2 Nxd1 31. Rxd1 Qxg4+ 32. Qxg4 fxg4 33. Be5 a6 34. Be2 b5 35. Bxg4 Bb7 36. h4 h5 37. Be2 Rc8 38. Bd3 Nf6 39. Kh3 Rc6 40. Rg1 Ng4 41. Bd4 Bc8 42. Be5 Nf2+ 0-1

[Event "Guernsey op"]
[Site "Guernsey"]
[Date "2013.10.22"]
[Round "3"]
[White "Hewson, Brian Wr"]
[Black "Reutimann, Hans Peter"]
[Result "1-0"]
[WhiteElo "2034"]
[BlackElo "1830"]
[PlyCount "57"]
[EventDate "2013.10.20"]
[EventType "swiss"]
[EventRounds "7"]
[EventCountry "GCI"]
[SourceTitle "CBM 157 Extra"]
[Source "ChessBase"]
[SourceDate "2013.12.19"]
[SourceVersion "1"]
[SourceVersionDate "2013.12.19"]
[SourceQuality "1"]

1. d4 d5 2. Nf3 Bf5 3. c4 e6 4. Nc3 Nf6 5. e3 c6 6. Nh4 Bg4 7. Qb3 b6 8. h3 Bh5 9. g4 Bg6 10. Nxg6 hxg6 11. Bg2 Qd6 12. Bd2 Na6 13. e4 dxe4 14. Nxe4 Nxe4 15. Bxe4 Rc8 16. 0-0-0 Qxd4 17. Qa4 Qxe4 18. Qxa6 Rd8 19. Rhe1 Qf3 20. Bg5 Be7 21. Rxd8+ Bxd8 22. Bxd8 Kxd8 23. Rd1+ Ke7 24. Qxa7+ Kf6 25. Qxb6 Qf4+ 26. Kb1 Rb8 27. Qd4+ Kg5 28. h4+ Kxg4 29. Rg1+ 1-0

[Event "EU-ch Seniors 13th"]
[Site "Plovdiv"]
[Date "2013.03.19"]
[Round "9"]
[White "Jorgensen, Arne Bjorn"]
[Black "Reutimann, Hans Peter"]
[Result "1/2-1/2"]
[WhiteElo "1993"]
[BlackElo "1796"]
[PlyCount "46"]
[EventDate "2013.03.11"]
[EventType "swiss"]
[EventRounds "9"]
[EventCountry "BUL"]
[SourceTitle "CBM 153 Extra"]
[Source "ChessBase"]
[SourceDate "2013.04.22"]
[SourceVersion "1"]
[SourceVersionDate "2013.04.22"]
[SourceQuality "1"]

1. d4 d5 2. c4 Bf5 3. Nc3 e6 4. Nf3 Nf6 5. Bg5 c6 6. e3 Nbd7 7. Be2 Be7 8. 0-0 0-0 9. a3 Qc7 10. Rc1 h6 11. Bh4 Qd8 12. b4 dxc4 13. Bxc4 Nd5 14. Bxe7 Qxe7 15. Qb3 Bg4 16. Nxd5 cxd5 17. Be2 Bxf3 18. Bxf3 Rac8 19. Be2 a6 20. a4 Qd6 21. b5 a5 22. Rfd1 Nb6 23. g3 Rxc1 1/2-1/2

[Event "EU-ch Seniors 13th"]
[Site "Plovdiv"]
[Date "2013.03.14"]
[Round "4"]
[White "Bebchuk, Leonid"]
[Black "Reutimann, Hans Peter"]
[Result "1-0"]
[WhiteElo "2089"]
[BlackElo "1796"]
[PlyCount "47"]
[EventDate "2013.03.11"]
[EventType "swiss"]
[EventRounds "9"]
[EventCountry "BUL"]
[SourceTitle "CBM 153 Extra"]
[Source "ChessBase"]
[SourceDate "2013.04.22"]
[SourceVersion "1"]
[SourceVersionDate "2013.04.22"]
[SourceQuality "1"]

1. e4 e6 2. d4 d5 3. Nd2 dxe4 4. Nxe4 Nf6 5. Nxf6+ gxf6 6. Bf4 b6 7. Bb5+ Nd7 8. Qf3 Rb8 9. Qg3 Qe7 10. 0-0-0 Bb7 11. Nf3 a6 12. Ba4 b5 13. Bb3 h5 14. Bxc7 Rc8 15. Bf4 Bh6 16. d5 Bxf4+ 17. Qxf4 e5 18. Qg3 Nc5 19. d6 Qd7 20. Qg7 Nxb3+ 21. axb3 Rf8 22. Qxf6 Rxc2+ 23. Kxc2 Be4+ 24. Kd2 1-0

[Event "EU-ch Seniors 13th"]
[Site "Plovdiv"]
[Date "2013.03.12"]
[Round "2"]
[White "Zhelesny, Stanislav"]
[Black "Reutimann, Hans Peter"]
[Result "1/2-1/2"]
[WhiteElo "2145"]
[BlackElo "1796"]
[PlyCount "45"]
[EventDate "2013.03.11"]
[EventType "swiss"]
[EventRounds "9"]
[EventCountry "BUL"]
[SourceTitle "CBM 153 Extra"]
[Source "ChessBase"]
[SourceDate "2013.04.22"]
[SourceVersion "1"]
[SourceVersionDate "2013.04.22"]
[SourceQuality "1"]

1. d4 d5 2. Nf3 Bf5 3. g3 Nf6 4. Bg2 e6 5. 0-0 Bd6 6. c4 c6 7. Nc3 Nbd7 8. h3 0-0 9. Nh4 Bg6 10. cxd5 exd5 11. Bg5 Qb6 12. Nxg6 fxg6 13. Rb1 Rae8 14. b4 Nh5 15. g4 Nf4 16. Bxf4 Bxf4 17. e3 Bg5 18. b5 Qc7 19. Kh1 Nf6 20. bxc6 bxc6 21. f4 Bh4 22. Rb3 Kh8 23. Qc2 1/2-1/2

[Event "London Classic op 4th"]
[Site "London"]
[Date "2012.12.05"]
[Round "5"]
[White "Pleininger, Rudolf"]
[Black "Reutimann, Hans Peter"]
[Result "1-0"]
[WhiteElo "1997"]
[BlackElo "1783"]
[PlyCount "51"]
[EventDate "2012.12.01"]
[EventType "swiss"]
[EventRounds "9"]
[EventCountry "ENG"]
[SourceTitle "CBM 151 Extra"]
[Source "ChessBase"]
[SourceDate "2012.12.18"]
[SourceVersion "1"]
[SourceVersionDate "2012.12.18"]
[SourceQuality "1"]

1. e4 e6 2. d4 d5 3. Nc3 dxe4 4. Nxe4 Nf6 5. Bg5 Be7 6. Bxf6 Bxf6 7. Nf3 Nc6 8. c3 a6 9. a4 Bd7 10. Bd3 Be7 11. 0-0 0-0 12. Re1 f5 13. Ned2 Kh8 14. Nc4 Bf6 15. Nce5 Nxe5 16. Nxe5 Bxe5 17. Rxe5 Rf6 18. Bc4 Rg6 19. g3 Qh4 20. Qb3 Bc6 21. Rxe6 Qg4 22. Rxg6 Qxg6 23. d5 Bd7 24. Qxb7 Re8 25. Qxc7 Bc8 26. d6 1-0

[Event "London Classic op 4th"]
[Site "London"]
[Date "2012.12.02"]
[Round "2"]
[White "Reutimann, Hans Peter"]
[Black "Walinga, Eric Jan"]
[Result "1-0"]
[WhiteElo "1783"]
[BlackElo "2004"]
[PlyCount "51"]
[EventDate "2012.12.01"]
[EventType "swiss"]
[EventRounds "9"]
[EventCountry "ENG"]
[SourceTitle "CBM 151 Extra"]
[Source "ChessBase"]
[SourceDate "2012.12.18"]
[SourceVersion "1"]
[SourceVersionDate "2012.12.18"]
[SourceQuality "1"]

1. d4 Nf6 2. Nf3 g6 3. Bf4 d6 4. e3 Nh5 5. Bg5 h6 6. Bh4 g5 7. Bg3 Bg7 8. c3 Nd7 9. Nbd2 c5 10. Be2 Nxg3 11. hxg3 b6 12. d5 a6 13. Qc2 Qc7 14. Nxg5 hxg5 15. Rxh8+ Bxh8 16. Qh7 Bf6 17. Bh5 Ne5 18. f4 gxf4 19. exf4 Ng6 20. Bxg6 fxg6 21. Ne4 Qd8 22. Kf2 Bf5 23. Nxf6+ exf6 24. Rh1 Bd7 25. Qg7 Qe7 26. Re1 1-0

[Event "EU-ch Seniors 12th"]
[Site "Kaunas"]
[Date "2012.08.19"]
[Round "2"]
[White "Reutimann, Hans Peter"]
[Black "Vaitonis, Vytautas"]
[Result "0-1"]
[WhiteElo "1785"]
[BlackElo "2005"]
[PlyCount "58"]
[EventDate "2012.08.18"]
[EventType "swiss"]
[EventRounds "9"]
[EventCountry "LTU"]
[SourceTitle "CBM 150 Extra"]
[Source "ChessBase"]
[SourceDate "2012.10.19"]
[SourceVersion "1"]
[SourceVersionDate "2012.10.19"]
[SourceQuality "1"]

1. d4 Nf6 2. Nf3 d6 3. Bf4 Nbd7 4. e3 c6 5. Nbd2 Nh5 6. Bg5 h6 7. Bh4 g5 8. Bg3 Nxg3 9. hxg3 Bg7 10. c3 Nf6 11. Qc2 Qc7 12. Bd3 Bd7 13. 0-0-0 0-0-0 14. Kb1 Kb8 15. Nb3 c5 16. Nfd2 Ng4 17. Rhf1 e6 18. dxc5 dxc5 19. c4 Ba4 20. Be2 Nf6 21. Bf3 g4 22. Be4 Qe5 23. Bxb7 Rd7 24. Bc6 Bxc6 25. Na5 Qc7 26. Qb3+ Ka8 27. Qa3 Rb8 28. Nxc6 Qxc6 29. Nb3 Ne4 0-1

[Event "EU-ch Seniors 12th"]
[Site "Kaunas"]
[Date "2012.08.18"]
[Round "1"]
[White "Grabow, Pouelsten Holm"]
[Black "Reutimann, Hans Peter"]
[Result "1-0"]
[WhiteElo "2173"]
[BlackElo "1785"]
[PlyCount "41"]
[EventDate "2012.08.18"]
[EventType "swiss"]
[EventRounds "9"]
[EventCountry "LTU"]
[SourceTitle "CBM 150 Extra"]
[Source "ChessBase"]
[SourceDate "2012.10.19"]
[SourceVersion "1"]
[SourceVersionDate "2012.10.19"]
[SourceQuality "1"]

1. d4 d5 2. c4 Nf6 3. cxd5 Qxd5 4. Nf3 Nc6 5. Nc3 Qd8 6. e4 e6 7. a3 Be7 8. Bf4 a6 9. Bc4 0-0 10. 0-0 b5 11. Ba2 Kh8 12. Rc1 Na7 13. h3 Bb7 14. Qe2 c5 15. dxc5 Bxc5 16. Rfd1 Qb6 17. b4 Be7 18. Be3 Qc6 19. Nd5 exd5 20. Rxc6 Bxc6 21. exd5 1-0

[Event "Zuerich op-B 35th"]
[Site "Zuerich"]
[Date "2011.12.27"]
[Round "2"]
[White "Joncic, Dragan"]
[Black "Reutimann, Hans Peter"]
[Result "1-0"]
[WhiteElo "1927"]
[BlackElo "1823"]
[PlyCount "29"]
[EventDate "2011.12.26"]
[EventType "swiss"]
[EventRounds "7"]
[EventCountry "SUI"]
[SourceTitle "CBM 146 Extra"]
[Source "ChessBase"]
[SourceDate "2012.02.29"]
[SourceVersion "1"]
[SourceVersionDate "2012.02.29"]
[SourceQuality "1"]

1. e4 e6 2. Nf3 d5 3. e5 c5 4. b4 cxb4 5. d4 Nc6 6. a3 Bd7 7. axb4 Bxb4+ 8. c3 Ba5 9. Bd3 Nge7 10. Bd2 a6 11. Na3 b5 12. Nc2 Bb6 13. 0-0 Ng6 14. Ng5 0-0 15. Qh5 1-0

[Event "Guernsey op 37th"]
[Site "Guernsey"]
[Date "2011.10.18"]
[Round "3"]
[White "Casiot, David J"]
[Black "Reutimann, Hans Peter"]
[Result "1-0"]
[WhiteElo "2125"]
[BlackElo "1791"]
[PlyCount "51"]
[EventDate "2011.10.16"]
[EventType "swiss"]
[EventRounds "7"]
[EventCountry "GCI"]
[SourceTitle "EXT 2012"]
[Source "ChessBase"]
[SourceDate "2011.11.24"]
[SourceVersion "1"]
[SourceVersionDate "2011.11.24"]
[SourceQuality "1"]

1. e4 e6 2. d4 d5 3. Nc3 dxe4 4. Nxe4 Nf6 5. Bd3 Be7 6. Nf3 Nc6 7. 0-0 0-0 8. c3 b6 9. Qc2 Nd5 10. Re1 f5 11. Neg5 Rf6 12. a3 Bd6 13. Nh3 h6 14. c4 Nde7 15. c5 bxc5 16. dxc5 Bxc5 17. Qxc5 Qxd3 18. Bd2 Qd6 19. Qc4 Nd5 20. Rad1 Nce7 21. Bc3 Rf7 22. Ne5 Rf8 23. Qh4 Qc5 24. Bb4 Nxb4 25. axb4 Qc2 26. Qxe7 1-0